| 000 | 00000nam 2200000za 4500 |
| 001 | 9.816832 |
| 003 | CaOODSP |
| 005 | 20250403105749 |
| 007 | cr ||||||||||| |
| 008 | 160504s1995 onc |o f|0| 0 fre d |
| 020 | |z0-660-94610-6 |
| 040 | |aCaOODSP|bfre |
| 043 | |an-cn--- |
| 086 | 1 |aCS89-542/1995F-PDF |
| 245 | 03|aUn portrait des personnes ayant une incapacité |h[ressource électronique] : |bprojet des groupes cibles / |cpublication autorisée par le ministre responsable de Statistique Canada. |
| 260 | |aOttawa : |bStatistique Canada, |c1995. |
| 300 | |a72 p. : |btableaux, graphiques. |
| 500 | |aPubli. aussi en anglais sous le titre : A portrait of persons with disabilities: target groups project. |
| 500 | |aÉdition numérisée de l'imprimé [par Statistique Canada]. |
| 500 | |a« Février 1995. » |
| 692 | 07|2gccst|aPersonne handicapée |
| 710 | 2 |aStatistique Canada. |
| 775 | 08|tA portrait of persons with disabilities |w(CaOODSP)9.816828 |
| 856 | 40|qPDF|s15.36 Mo|uhttps://publications.gc.ca/collections/collection_2016/statcan/CS89-542-1995-fra.pdf |